Energy effeiciency in residential buildings : (رقم التسجيلة. 73088)

تفاصيل مارك
000 -LEADER
fixed length control field 014980000a22003370004500
003 - CONTROL NUMBER IDENTIFIER
control field EG-GICUC
005 - DATE AND TIME OF LATEST TRANSACTION
control field 20250223032334.0
008 - FIXED-LENGTH DATA ELEMENTS--GENERAL INFORMATION
fixed length control field 070317s2007 ua d f m 000 0 eng d
040 ## - CATALOGING SOURCE
Original cataloging agency EG-GICUC
Language of cataloging eng
Transcribing agency EG-GICUC
041 0# - LANGUAGE CODE
Language code of text/sound track or separate title Eng
049 ## - LOCAL HOLDINGS (OCLC)
Holding library Deposite
097 ## - Thesis Degree
Thesis Level Ph.D
099 ## - LOCAL FREE-TEXT CALL NUMBER (OCLC)
Classification number Cai01.13.02.Ph.D.2007.Ah.E
100 0# - MAIN ENTRY--PERSONAL NAME
Personal name Ahmed Khalaf Atieh
245 10 - TITLE STATEMENT
Title Energy effeiciency in residential buildings :
Remainder of title A bioclimatic design approach of building envelope in Syria /
Statement of responsibility, etc. Ahmed Khalaf Atieh ; Supervised Ahmed R.Abdin , Amr M.Elhalafawy
246 15 - VARYING FORM OF TITLE
Title proper/short title ترشيد استهلاك الطاقة فى المبانى السكنية مدخل بيومناخى لتصميم الغلاف الخارجى فى سورية
260 ## - PUBLICATION, DISTRIBUTION, ETC.
Place of publication, distribution, etc. Cairo :
Name of publisher, distributor, etc. Ahmed Khalaf Atieh ,
Date of publication, distribution, etc. 2007
300 ## - PHYSICAL DESCRIPTION
Extent 241P :
Other physical details charts ;
Dimensions 30cm
502 ## - DISSERTATION NOTE
Dissertation note Thesis (PH.D.) - Cairo University - Faculty Of Engineering - Department Of Architectural Engineering
520 ## - SUMMARY, ETC.
Summary, etc. The present study is one of the first attempts to describe a bioclimatic design approach to reduce both the annual required heating and cooling energy load for low - rise apartment buildings
530 ## - ADDITIONAL PHYSICAL FORM AVAILABLE NOTE
Additional physical form available note Issued also as CD
653 #4 - INDEX TERM--UNCONTROLLED
Uncontrolled term Bioclimatic design
653 #4 - INDEX TERM--UNCONTROLLED
Uncontrolled term CO2 emissiona
653 #4 - INDEX TERM--UNCONTROLLED
Uncontrolled term Energy effeiciency
700 0# - ADDED ENTRY--PERSONAL NAME
Personal name Ahmed Reda Abdin ,
Relator term
700 0# - ADDED ENTRY--PERSONAL NAME
Personal name Amr Mustafa Elhalafawy ,
Relator term
856 ## - ELECTRONIC LOCATION AND ACCESS
Uniform Resource Identifier <a href="http://172.23.153.220/th.pdf">http://172.23.153.220/th.pdf</a>
905 ## - LOCAL DATA ELEMENT E, LDE (RLIN)
Cataloger Mustafa
Reviser Revisor
905 ## - LOCAL DATA ELEMENT E, LDE (RLIN)
Cataloger Samia
Reviser Cataloger
942 ## - ADDED ENTRY ELEMENTS (KOHA)
Source of classification or shelving scheme Dewey Decimal Classification
Koha item type Thesis
المقتنيات
Source of classification or shelving scheme Not for loan Home library Current library Date acquired Full call number Barcode Date last seen Koha item type Copy number
Dewey Decimal Classification   المكتبة المركزبة الجديدة - جامعة القاهرة قاعة الرسائل الجامعية - الدور الاول 11.02.2024 Cai01.13.02.Ph.D.2007.Ah.E 01010110046806000 22.09.2023 Thesis  
Dewey Decimal Classification   المكتبة المركزبة الجديدة - جامعة القاهرة مخـــزن الرســائل الجـــامعية - البدروم 11.02.2024 Cai01.13.02.Ph.D.2007.Ah.E 01020110046806000 22.09.2023 CD - Rom 46806.CD
Cairo University Libraries Portal Implemented & Customized by: Eng. M. Mohamady Contacts: new-lib@cl.cu.edu.eg | cnul@cl.cu.edu.eg
CUCL logo CNUL logo
© All rights reserved — Cairo University Libraries
CUCL logo
Implemented & Customized by: Eng. M. Mohamady Contact: new-lib@cl.cu.edu.eg © All rights reserved — New Central Library
CNUL logo
Implemented & Customized by: Eng. M. Mohamady Contact: cnul@cl.cu.edu.eg © All rights reserved — Cairo National University Library